000 00720nam a2200265Ia 4500
005 20260302114717.0
008 008 260114s9999 xx 000 0 eng d
020 _a9798765112830
037 _aTextbook
040 _aCRL
040 _beng
040 _cCRL
041 _2eng
041 _aeng
084 _qCRL
100 _aDouglas Robinson
_91102802
245 0 _aTranslating the Nonhuman What Science Fiction Can Teach Us About Translating
260 _bBloomsbury
260 _bBloomsbury Academic
260 _c2024
650 _aLiterary Studies
856 _uhttps://doi.org/10.5040/9798765112830?locatt=label:secondary_bloomsburyCollections
942 _cEBOOK
999 _c1683567
_d1683567